书目信息 |
| 题名: |
统计基础理论
|
|
| 作者: | 陈汉章 著 | |
| 分册: | ||
| 出版信息: | 贵阳 贵州人民出版社 1981.10 |
|
| 页数: | 261页 | |
| 开本: | 19cm | |
| 丛书名: | ||
| 单 册: | ||
| 中图分类: | C8 | |
| 科图分类: | ||
| 主题词: | 统计学 | |
| 电子资源: | ||
| ISBN: | ||
| 000 | 00528nam0 2200205 45 | |
| 001 | 0405071097 | |
| 005 | 20050609162828.6 | |
| 010 | @dCNY0.60 | |
| 091 | @a4115.138 | |
| 100 | @a20040507d1981 km y0chiy0120 ea | |
| 101 | 0 | @achi |
| 105 | @a z 000yy | |
| 200 | 1 | @a统计基础理论@ATong Ji Ji Chu Li Lun@f陈汉章著@FChen Han Zhang Zhu |
| 210 | @a贵阳@c贵州人民出版社@d1981.10 | |
| 215 | @a261页@d19cm | |
| 606 | 0 | @a统计学 |
| 690 | @aC8@v3 | |
| 701 | 0 | @a陈汉章@4著 |
| 801 | @aCN@bTSTCL@c20040507 | |
| 905 | @dC8@e12@f1@b156654 | |
| 统计基础理论/陈汉章著.-贵阳:贵州人民出版社,1981.10 |
| 261页;19cm |
| ISBN :CNY0.60 |
| ● |
| 相关链接 |
|
|
|
|
正题名:统计基础理论
索取号:C8/12
 
预约/预借
| 序号 | 登录号 | 条形码 | 馆藏地/架位号 | 状态 | 备注 |
| 1 | 0156654 | 001143836 | 第一样本阅览室/ [索取号:C8/12] | 在馆 | |
| 2 | 0173691 | 001143854 | 密集书库/ [索取号:C8/12] | 在馆 | |
| 3 | 0173692 | 001143845 | 第一借阅区/ [索取号:C8/12] | 在馆 | |
| 4 | 0173693 | 001143863 | 密集书库/ [索取号:C8/12] | 在馆 |